00442 2200181 4500001002100000008004100021035002000062245002200082100001500104260003700119300002000156020002200176084001400198082000800212650001000220990001500230990001500245INLIS000000000003204 ind  a0010-1225000025 aNebulacTere Liye aLiye, Tere aDepok :bPT Sabak Grip Nusantara a376c13,5x20 cm a978-623-9987-84-8 a813 LIY n a813 aFiksi a19644/B/26 a19645/B/26